Star Wars Bounty Hunters - Statistics

General Stats
  • This quiz has been taken 19 times
  • The average score is 8 of 17
Answer Stats
# Answer % Correct
1 Boba Fett
100%
2 Jango Fett
100%
9 IG-88
86%
6 Dengar
79%
3 Cad Bane
71%
4 Bossk
64%
11 Zam Wessel
64%
5 Aurra Sing
57%
7 4-Lom
50%
12 Din Djarin
43%
15 Greedo
43%
8 Embo
36%
13 Sugi
36%
16 Castas
7%
10 Latts Razzi
7%
14 Highsinger
0%
17 Tobias Beckett
0%
No matching quizzes found
Score Distribution
Percent of People with Each Score
Percentile by Number Answered
Your Score History
You have not taken this quiz